|
|
|
|
| LEADER |
00000nab a2200000 a 4500 |
| 001 |
vtls001022607 |
| 003 |
SK-MaSNL |
| 005 |
20260303222150.0 |
| 008 |
040720e19940721xo 0 slo |
| 035 |
|
|
|a SL1194
|
| 040 |
|
|
|a SLLK
|b slo
|c SLLK
|e AACR2
|
| 041 |
0 |
|
|a slo
|
| 044 |
|
|
|a xo
|c SK
|
| 080 |
|
|
|a 797.1
|2 1981
|
| 100 |
1 |
|
|a Hriňáková, Alena
|4 aut
|9 1022405
|
| 245 |
1 |
0 |
|a Tri dni na vode
|b V. ročník Medzinárodného rodinného splavu po rieke Poprad
|c Alena Hriňáková
|
| 300 |
|
|
|b Fotogr.
|
| 611 |
2 |
7 |
|a Medzinárodný rodinný splav
|n (5. :
|d 1994 :
|c Stará Ľubovňa, Slovensko a Nowy Sacz, Poľsko)
|2 snkbucl
|9 1256230
|
| 650 |
0 |
7 |
|a priebeh
|2 SLLK
|9 29559
|
| 651 |
|
7 |
|a Poprad (Slovensko a Poľsko : rieka)
|2 SLLK
|9 31425
|
| 651 |
|
7 |
|a Stará Ľubovňa (Slovensko)
|2 SLLK
|9 19193
|
| 651 |
|
7 |
|a Nowy Sącz (Poľsko)
|2 SLLK
|9 214317
|
| 773 |
0 |
8 |
|t Ľubovnianske noviny
|g Roč. 20, č.29, 21.7.1994, s. 4
|
| 852 |
|
|
|a ZVYKNI
|b KIS3GCP
|
| 999 |
|
|
|c 2238607
|d 2240537
|